| Tag |
First Indicator |
Second Indicator |
Subfields |
| LEADER |
00000cam a2200000 a 4500 |
| 001 |
in00000890913 |
| 005 |
20150923140810.0 |
| 007 |
hd afv---baca |
| 007 |
hd bfv---baaa |
| 008 |
841109s1655 miua a 00010 eng d |
| 035 |
|
|
|a (OCoLC)11368085
|
| 035 |
|
|
|9 AEL4653AM
|
| 037 |
|
|
|a CL0037000052
|b University Microfilms International
|
| 037 |
|
|
|b University Microfilms International, 300 N. Zeeb Rd., Ann Arbor, MI 48106
|
| 040 |
|
|
|a EAJ
|c EAJ
|d UMI
|d UtOrBLW
|
| 043 |
|
|
|a e-uk-en
|
| 045 |
0 |
|
|b d1655
|
| 049 |
|
|
|a TXAI
|
| 090 |
|
|
|a AY751
|b .H48 1655
|
| 099 |
|
|
|a film
|a B
|a 3609
|
| 100 |
1 |
|
|a Hewitt, Thomas.
|
| 245 |
1 |
0 |
|a Annus ab incarnatione Domini 1655 :
|b an almanack for the year of our Lord, 1655... calculated for the meridian of the city of Coventry /
|c by Thomas Hewit.
|
| 264 |
|
3 |
|a London :
|b Printed by Robert White for the Company of Stationers,
|c 1655.
|
| 300 |
|
|
|a 45 unnumbered pages :
|b illustrations
|
| 336 |
|
|
|a text
|b txt
|2 rdacontent
|
| 337 |
|
|
|a microform
|b h
|2 rdamedia
|
| 338 |
|
|
|a microfilm reel
|b hd
|2 rdacarrier
|
| 500 |
|
|
|a Reproduction of original in the Bodleian Library.
|
| 510 |
4 |
|
|a Wing
|c A1821.
|
| 533 |
|
|
|a Microfilm.
|b Ann Arbor, Mich. :
|c University Microfilms International,
|d 1983.
|e 1 microfilm reel ; 35 mm.
|f (Early English books, 1641-1700 : 1471:17)
|
| 500 |
|
|
|a Microform.
|
| 650 |
|
0 |
|a Almanacs, English.
|
| 650 |
|
0 |
|a Ephemerides.
|
| 650 |
|
0 |
|a Astrology
|v Early works to 1800.
|
| 740 |
0 |
|
|a Hewitt 1655.
|
| 740 |
0 |
|
|a Almanack for the year of our Lord, 1655.
|
| 740 |
0 |
|
|a Hewitt sixteen fifty-five.
|
| 830 |
|
0 |
|a Early English books, 1641-1700 ;
|v 1471:17.
|
| 999 |
|
|
|a MARS
|
| 999 |
f |
f |
|s 23627964-f4b1-380b-a04e-ac1106687b44
|i 3814c2b8-12c5-3388-a646-a069dc81b451
|t 0
|
| 952 |
f |
f |
|p default
|a Texas A&M University
|b College Station
|c Sterling C. Evans Library
|d Evans: Microforms (3rd floor)
|t 0
|e film B 3609 1471:17
|h Other scheme
|i microform -- microfilm reel
|
| 998 |
f |
f |
|a film B 3609 1471:17
|t 0
|l Evans: Microforms (3rd floor)
|